Cheer leading quiz! (competitive cheer) - Statistics

General Stats
  • This quiz has been taken 105 times
  • The average score is 8 of 15
Answer Stats
Hint Answer % Correct
A stunt in which the flyer stands on two bases' hands and is held up at chest or chin height. Prep
81%
Both bases have a grip on one of the flyer's feet, with the main base typically holding the heel and toe and the secondary base holding the middle of the foot. This stunt can be held at prep or extended level. Lib
77%
True or False, You never get hurt will cheering False
74%
Like a cartwheel but no hands touch the ground Ariel
56%
the flyer stands with each foot in the hands of a base, similar to a prep. Instead of being held at chin level, the bases extend their arms above their head and block out their shoulders so it creates a solid platform for the flyer. Extension
56%
What is this called, Cartwheel back walkover front walkover back handsprings round off etc. Tumbling
55%
Jump back feet together causes the most mental blocks Back handspring
54%
a stunt performed in cheerleading using 3 or more bases to toss a flyer into the air. Two of the bases interlock their hands. Basket toss
52%
A release move (DISMOUNT) in which the bases catch the top person with palms up, by placing one arm under the back and the other under the thighs of the top person Cradle
52%
When doing your motions always be Sharp
51%
When a flyer in a stunt group connects one leg to another stunt group. Hitch
48%
a sideways rotary movement of the body. It is performed by bringing the hands to the floor one at a time while the body inverts. The legs travel over the body trunk while one or both hands are on the floor, and then the feet return to the floor one at a time, ending with the athlete standing upright. Cartwheel
39%
of the number one things to remember while walking Be... Clean
38%
Suspended front flip also known as.... Baha
19%
Like a cartwheel but to the side (looks soooo funny) Starfish
1%
No matching quizzes found
Score Distribution
Percent of People with Each Score
Percentile by Number Answered
Your Score History
You have not taken this quiz